书目信息 |
| 题名: |
青铜国
|
|
| 作者: | 徐晓璇 著/绘 | |
| 分册: | ||
| 出版信息: | 上海 上海科技教育出版社 2016.08 |
|
| 页数: | 45页 | |
| 开本: | 29x29cm | |
| 丛书名: | 带回家的博物馆丛书 | |
| 单 册: | ||
| 中图分类: | ||
| 科图分类: | ||
| 主题词: | 青铜器 (考古)--中国--少年读物 , 文物--考古--中国 | |
| 电子资源: | ||
| ISBN: | 978-7-5428-6470-3 | |
| 000 | 00989nam 2200277 450 | |
| 001 | 2354985857 | |
| 005 | 20231123070317.68 | |
| 010 | @a978-7-5428-6470-3@dCNY42.00 | |
| 100 | @a20160914d2016 cemy0chiy50 ea | |
| 101 | 0 | @achi |
| 102 | @aCN@b310000 | |
| 105 | @aa z 000yy | |
| 106 | @ar | |
| 200 | 1 | @a青铜国@f著/绘徐晓璇 |
| 210 | @a上海@c上海科技教育出版社@d2016.08 | |
| 215 | @a45页@c彩图@d29x29cm | |
| 225 | 2 | @a带回家的博物馆丛书@i上海博物馆文物游戏绘本系列 |
| 330 | @a本书是根据上海博物馆最重要的馆藏青铜馆的藏品内容, 为幼儿园至小学低年级儿童量身定制的亲子知识读本和文物游戏书。书中既有文化、历史拓展知识, 又有贴纸、拼图等各类游戏, 帮助家长和孩子深入了解博物馆的珍贵文物。 | |
| 410 | 0 | @12001 @a带回家的博物馆丛书@i上海博物馆文物游戏绘本系列 |
| 606 | 0 | @a青铜器 (考古)@y中国@j少年读物 |
| 606 | 0 | @a文物@x考古@x中国 |
| 690 | @a@v5 | |
| 690 | @aK876.414@v4 | |
| 701 | 0 | @a徐晓璇@4著/绘 |
| 801 | 0 | @aCN@b安徽时代出版发行有限公司@c20160914 |
| 905 | @dK876.414@e554 | |
| 青铜国/著/绘徐晓璇.-上海:上海科技教育出版社,2016.08 |
| 45页:彩图;29x29cm.-(带回家的博物馆丛书.上海博物馆文物游戏绘本系列) |
| ISBN 978-7-5428-6470-3:CNY42.00 |
| 本书是根据上海博物馆最重要的馆藏青铜馆的藏品内容, 为幼儿园至小学低年级儿童量身定制的亲子知识读本和文物游戏书。书中既有文化、历史拓展知识, 又有贴纸、拼图等各类游戏, 帮助家长和孩子深入了解博物馆的珍贵文物。 |
| ● |
| 相关链接 |
|
|
|
|
正题名:青铜国
索取号:K876.414/554
 
预约/预借
| 序号 | 登录号 | 条形码 | 馆藏地/架位号 | 状态 | 备注 |
| 1 | 1411160 | 214111600 | 第二样本阅览室/ [索取号:K876.414/554] | 在馆 | |
| 2 | 1411161 | 214111619 | 教育系资料室/ [索取号:K876.414/554] | 在馆 | |
| 3 | 1411162 | 214111628 | 教育系资料室/ [索取号:K876.414/554] | 在馆 | |
| 4 | 1411163 | 214111637 | 第二借阅区/ [索取号:K876.414/554] | 在馆 | |
| 5 | 1411164 | 214111646 | 第二借阅区/ [索取号:K876.414/554] | 在馆 |